000 00365 a2200145 4500
001 178743
020 _a
040 _cMagnum
100 _aSalgado, Mauro Ivan
240 1 0 _aRhio com os dentes tortos no circo ceu da boca
_lpor
245 1 0 _aRhio com os dentes tortos no circo ceu da boca
362 0 _a1899
697 _aMAGNITO: IJ/PARADIDATICO
942 _cBK
999 _c178743
_d178743